000 00793cam a22002531 4500
001 7340
003 BD-RjUL
005 20211208234412.0
008 140113s1963 nyu b 001 0 eng
035 _a(BD-RjUL)7383
035 _a(OCoLC)263640
040 _aDLC
_cODaWU
_dOCoLC
_dNBrockU
_dUk
_dDLC
_dBD-RjUL
_beng
041 _aeng
082 _a361
_bFIF 1963
100 1 _aFink, Arthur E.
_q(Arthur Emil),
_d1903-
_922936
245 1 4 _aThe field of social work /
_c[by] Arthur E. Fink, Everett E. Wilson [and] Merrill B. Conover.
250 _a4th ed.
260 _aNew York :
_bHolt, Rinehart and Winston,
_cc1963 [reprint 1964]
300 _a560 p. ;
_c24 cm.
504 _aIncludes bibliography & Index.
650 0 _aSocial service.
_922937
942 _2ddc
_cBK
999 _c7340
_d7340